000 00787nam a2200253Ia 4500
005 20251020182450.0
008 200515s9999 xx 000 0 und d
020 _a978-84-9048-405-0
082 _a621.136/G25
100 _aGarrido de la Torre, Ellvira
100 _aHidalgo Signes, Carlos
245 0 _aEnsayo de Mecánica de Suelos. Prácticas de Geotecnia
260 _aValencia
260 _bUniversidad Politécnica de Valencia
260 _c2015
300 _a109 p.
300 _bil
500 _a1 ejemplar
520 _aLos autores tienen la intención de introducir los fundamentos de algunos ensayos básicos en los que se basa la disciplina de la Mecánica de Suelos
650 _aGEOTECNIA
650 _aMECANICA DE SUELOS
942 _cLIB
999 _c840
_d840